40 Developmental Assets Quiz Stats

 Plays Quiz not verified by Sporcle

Score 0/40 Timer 10:00
0 Plays Today
Asset Category Name of Asset % Correct
SupportFamily Support
96.4%
Commitment to LearningHomework
89.3%
Positive ValuesCaring
89.3%
Boundaries & ExpectationsSchool Boundaries
85.7%
Boundaries & ExpectationsFamily Boundaries
82.1%
Constructive Use of TimeReligious Community
82.1%
Constructive Use of TimeTime at Home
82.1%
Positive ValuesEquality and Social Justice
82.1%
Positive ValuesIntegrity
82.1%
Positive ValuesHonesty
82.1%
Boundaries & ExpectationsNeighborhood Boundaries
75%
Commitment to LearningReading for Pleasure
75%
Positive ValuesRestraint
75%
Social CompetenciesPlanning and Decision Making
75%
Positive IdentityPersonal Power
75%
Positive IdentitySelf-Esteem
75%
SupportOther Adult Relationships
71.4%
SupportCaring School Climate
71.4%
Constructive Use of TimeCreative Activities
71.4%
Positive IdentityPositive View of Personal Future
71.4%
Asset Category Name of Asset % Correct
SupportCaring Neighborhood
67.9%
EmpowermentCommunity Values Youth
67.9%
EmpowermentService to Others
67.9%
Boundaries & ExpectationsHigh Expectations
67.9%
Positive ValuesResponsibility
67.9%
Social CompetenciesPeaceful Conflict Resolution
67.9%
SupportPostive Family Communication
64.3%
Boundaries & ExpectationsAdult Role Models
64.3%
Commitment to LearningSchool Engagement
64.3%
Social CompetenciesResistance Skills
64.3%
Social CompetenciesCultural Competence
60.7%
EmpowermentSafety
57.1%
Commitment to LearningBonding to School
57.1%
EmpowermentYouth as Resources
53.6%
Social CompetenciesInterpersonal Competence
50%
Boundaries & ExpectationsPositive Peer Influence
46.4%
Constructive Use of TimeYouth Programs
46.4%
SupportParent Involvement in Schooling
42.9%
Commitment to LearningAchievement Motivation
35.7%
Positive IdentitySense of Purpose
35.7%

You're not logged in!

Compare scores with friends on all Sporcle quizzes.
OR
Log In

Show Comments

Extras

Created Nov 24, 2010ReportNominate
Tags:asset, category

Top Quizzes Today


Score Distribution

Your Account Isn't Verified!

In order to create a playlist on Sporcle, you need to verify the email address you used during registration. Go to your Sporcle Settings to finish the process.

Report this User

Report this user for behavior that violates our Community Guidelines.

Details: